paroles-je défendrais ma vie (Spirit l'étalon des plaines) - Statistiques

Statistiques générales
  • Ce quiz a été pris 63 fois
  • Le résultat moyen est 166 sur 211
Statistiques - réponses
Réponse % Correct
je
100%
ma
98%
de
95%
ces
89%
jour
89%
la
89%
n'a
89%
pas
89%
Un
89%
un
89%
battre
86%
gagne
86%
guerre
86%
jamais
86%
le
86%
mais
86%
n'ai
86%
ne
86%
on
86%
perd
86%
perdu
86%
suis
86%
cessé
84%
et
84%
m'abattre
84%
me
84%
pourra
84%
arrivé
82%
coeur
82%
il
82%
mon
82%
arriverais
80%
faut
80%
que
80%
sais
80%
j'y
77%
libre
77%
m'emprisonnera
77%
sans
77%
vous
77%
connaissez
75%
lois
75%
rattrape
75%
m'échappe
73%
qui
73%
vie
73%
comme
70%
n'abandonnerais
70%
défendrais
68%
jugez
68%
fier
66%
l'air
66%
non
64%
seul
61%
c'est
59%
les
59%
maitre
59%
pourquoi
59%
rivière
59%
frontières
57%
mes
57%
miens
57%
quoi
57%
tous
57%
comment
55%
l'expliquer
55%
liens
55%
parmis
55%
falloir
52%
va
52%
chemin
34%
corps
32%
tout
32%
oh oh
20%
en
18%
batte
14%
bout
5%
Aucun quiz correspondant
Distribution des résultats
% des personnes avec chaque résultat
Percentile par nombre de réponses
Votre historique - résultats
Vous n’avez pas pris ce quiz